000 00311nam a22001337a 4500
008 170425b xxu||||| |||| 00| 0 eng d
020 _a0471839582
041 _aeng
080 _24TH
_a54
100 _a12
101 _aSHM
245 _aBAILEY'S INDUSTRIAL OIL AND FAT PRODUCTS
_cALLEN, R.R
942 _2udc
_cBK
999 _c11956
_d11956